000 00557nam a2200217Ia 4500
999 _c2647
_d2647
007 ta
008 230120t2012||||uk ad||gd|||||||1 ||eng||
020 _a9780141033570
_c Rs. 699.00
040 _aKO
_beng
041 0 _aeng
044 _axxk
082 0 4 _a153.42
_bK1225
_223
100 1 _aKahneman, Daniel
245 1 0 _aThinking, Fast and Slow /
_cDaniel Kahneman
260 _aUK :
_bPenguin Random House,
_c2012
300 _a499 p.
_b : ill.
_c; 20 cm.
650 0 _aThought and thinking
_vTextbooks
904 _aA_BOSE
942 _cBK